|
|
|
|
| LEADER |
02970nam a22005055i 4500 |
| 001 |
978-3-319-07311-8 |
| 003 |
DE-He213 |
| 005 |
20141105175101.0 |
| 007 |
cr nn 008mamaa |
| 008 |
141105s2015 gw | s |||| 0|eng d |
| 020 |
|
|
|a 9783319073118
|9 978-3-319-07311-8
|
| 024 |
7 |
|
|a 10.1007/978-3-319-07311-8
|2 doi
|
| 040 |
|
|
|d GrThAP
|
| 050 |
|
4 |
|a RB1-214
|
| 072 |
|
7 |
|a MMF
|2 bicssc
|
| 072 |
|
7 |
|a MED067000
|2 bisacsh
|
| 082 |
0 |
4 |
|a 616.07
|2 23
|
| 100 |
1 |
|
|a Bilbao, Juan M.
|e author.
|
| 245 |
1 |
0 |
|a Biopsy Diagnosis of Peripheral Neuropathy
|h [electronic resource] /
|c by Juan M Bilbao, Robert E Schmidt.
|
| 250 |
|
|
|a 2nd ed. 2015.
|
| 264 |
|
1 |
|a Cham :
|b Springer International Publishing :
|b Imprint: Springer,
|c 2015.
|
| 300 |
|
|
|a XXI, 486 p. 302 illus., 221 illus. in color.
|b online resource.
|
| 336 |
|
|
|a text
|b txt
|2 rdacontent
|
| 337 |
|
|
|a computer
|b c
|2 rdamedia
|
| 338 |
|
|
|a online resource
|b cr
|2 rdacarrier
|
| 347 |
|
|
|a text file
|b PDF
|2 rda
|
| 505 |
0 |
|
|a Introduction and Clinical Correlation -- Normal Peripheral Nerve Structure -- Basic Pathological Mechanisms -- Vasculitic Neuropathy -- Diabetic neuropathies -- Skin Biopsies -- Metabolic Neuropathies -- Inflammatory and Immune-Mediated Neuropathies -- Neuropathies Associated with Infectious Diseases -- Amyloid neuropathy -- Genetic Neuropathies -- Dysproteinemias -- Toxin-induced neuropathies -- Miscellaneous neuropathies.
|
| 520 |
|
|
|a Peripheral nerve analysis is a challenging task for pathologists, given the advent of new diagnoses and techniques of analysis and the impact of molecular genetics. This book presents a simple, logical method for constructing a differential diagnosis based on pathology and clinical presentation. It also provides advice on the selection of ancillary molecular, immunohistochemical and genetic techniques to establish a definitive diagnosis. Clear, authoritative guidance is offered on diagnosis of the full range of neuropathies with the aid of a wealth of high-quality color photomicrographs and electron micrographs. The pathologist will benefit greatly from the identification of a variety of artifacts and normal structures occasionally encountered in nerve biopsies that need to be distinguished from specific pathologic alterations. This user-friendly, practical text will be an invaluable aid in achieving the most specific diagnosis possible.
|
| 650 |
|
0 |
|a Medicine.
|
| 650 |
|
0 |
|a Neurosciences.
|
| 650 |
|
0 |
|a Neurology.
|
| 650 |
|
0 |
|a Neurosurgery.
|
| 650 |
|
0 |
|a Pathology.
|
| 650 |
1 |
4 |
|a Medicine & Public Health.
|
| 650 |
2 |
4 |
|a Pathology.
|
| 650 |
2 |
4 |
|a Neurology.
|
| 650 |
2 |
4 |
|a Neurosurgery.
|
| 650 |
2 |
4 |
|a Neurosciences.
|
| 700 |
1 |
|
|a Schmidt, Robert E.
|e author.
|
| 710 |
2 |
|
|a SpringerLink (Online service)
|
| 773 |
0 |
|
|t Springer eBooks
|
| 776 |
0 |
8 |
|i Printed edition:
|z 9783319073101
|
| 856 |
4 |
0 |
|u http://dx.doi.org/10.1007/978-3-319-07311-8
|z Full Text via HEAL-Link
|
| 912 |
|
|
|a ZDB-2-SME
|
| 950 |
|
|
|a Medicine (Springer-11650)
|